000 01046cad a22001935a 4500
001 L153989
008 110929s2011 xxk f 000 0 eng d
035 _a(Sirsi) u153989
041 0 _aeng
110 2 _aConfederation of British Industry
_9414
245 0 0 _aEnsuring a sustainable construction sector
_h[electronic resource]
260 _aCBI
_c2011
520 _aCBI believes that the construction sector has a vital role in helping reduce carbon emissions from buildings and making infrastructure climate resilient. The investment needed in low carbon power plants represents an excellent opportunity for the construction sector to help drive the transition to a low carbon economy.
590 _aKA
651 4 _aUnited Kingdom
_y
690 _aBUILT ENVIRONMENT-SUSTAINABLE CONSTRUCTION
856 4 0 _uhttps://www.cbi.org.uk/ndbs/PositionDoc.nsf/81e68789766d775d8025672a005601aa/785feb39ca12008d80257876005320a8/$FILE/Ensuring%20a%20sustainable%20construction%20sector.pdf
_zView the item free of charge at www.cbi.org.uk
942 _n0
999 _c112798
_d112798